| 000 | 00481nam a22001457a 4500 | ||
|---|---|---|---|
| 005 | 20251108165403.0 | ||
| 008 | 250721s1962 xx 000 0 ara d | ||
| 082 | 1 | 4 | _aم/016.211/عزت |
| 245 | 1 | 0 |
_aفهرس مخطوطات دار الكتب الظاهريه : _bعلوم القران / |
| 264 | 1 |
_aدمشق : _bالمجمع العلمي العربي، _c1962. |
|
| 300 | _a462ص | ||
| 650 | 1 | 7 | _aالقران الكريم علومفهارس |
| 942 |
_2ddc _cREF |
||
| 999 |
_c26678 _d26678 |
||